000 00773nam a22002537a 4500
001 BR7400111
003 BR-BrBNA
005 20230928084458.0
007 ta
008 230509b bl.||||| |||| 00| 0 por d
040 _aBR-BrBNA
_bpor
_cBiblioteca Nacional de Agricultura
041 _a(Por)
072 _aF00
_b2120
090 _ 2120 BR7400111
100 1 _aMichel, J.
110 1 _aSecretaria da Agricultura, Commercio e Obras Publicas do Estado de Sao Paulo, Sao Paulo (Brasil). Directoria de Publicidade
_98353
245 1 _aContribuicao para a renovacao methodica e racional dos cafezaes
260 3 _aSao Paulo, SP (Brasil):
_c1927.
300 _a33 p.
650 _aCAFE
650 _aMAO-DE-OBRA
909 _a202309
_bLucia
_c55
_dLucia Elande
942 _cBK
999 _c19226
_d19226